Normale Ansicht MARC-Ansicht ISBD

Die Tradition der grossen Mächte / (Titelsatznr. 39107)

[ MARC ]
MARC-Details
000 -Satzkennung
Kontrollfeld mit fester Länge 00522nam a22001931c 4500
001 - Kontrollnummer
Kontrollfeld 17949368x
008 - Feld mit fester Länge zur physischen Beschreibung - Allgemeine Angaben
Kontrollfeld mit fester Länge 160413s1950 gw |||| 000u ger d
041 ## - Sprachcode
Sprachcode des Textes/der Tonspur oder des separaten Titels ger
040 ## - Katalogisierungsquelle
Übertragungsstelle RU-10907106
003 - Kontrollnummer Identifier
Kontrollfeld RU-10907106
100 1# - Haupteintragung - Personenname
Personenname Vietsch, Eberhard von von
245 04 - Titel
Titel Die Tradition der grossen Mächte /
Verfasserangabe etc. Eberhard von Vietsch
250 ## - Ausgabebezeichnung
Ausgabebezeichnung 1. - 4. Tsd.
264 ## - Produktion, Veröffentlichung, Distribution, Herstellung und Urheberrechtsvermerk
Herstellungs-, Veröffentlichungs- Vertriebs-, Erzeugungsort Stuttgart :
Produzent, Herausgeber, Distributor, Hersteller Union Deutsche Verlagsgesellschaft,
Datum der Herstellung, der Veröffentlichung, des Vertriebs oder des Urheberschutzvermerks 1950
300 ## - Physische Beschreibung
Umfang 303 S.
650 #0 - Nebeneintragung unter einem Schlagwort - Sachschlagwort
Sachschlagwort oder geografischer Name als Eintragungselement Geistesgeschichte
650 #0 - Nebeneintragung unter einem Schlagwort - Sachschlagwort
Sachschlagwort oder geografischer Name als Eintragungselement Weltpolitik
942 ## - Zusätzliche Felder (Koha)
Koha-Medientyp Monographien
Exemplare
Ausgeschieden Verloren Klassifikation oder Aufstellungssystematik Beschädigt Nicht entleihbar Heimatbibliothek Aufenthaltsbibliothek Aufstellungsort Erwerbungsdatum Inventarnummer Signatur Barcode Letzte Aktivität Preis gültig von Koha-Medientyp
    Andere/Generische Klassifikation     MWN Osteuropa MWN Osteuropa Lesesaal - 1 13/04/2016 16-01369 W 10 B b Vie E0040150790F0D23 23/02/2021 22/03/2021 Monographien